BIBLIOTECA PODER JUDICIAL
Portal Judicial TDF

Autonomía, vejez y justicia empoderante. Entre tutela privada y dignidad del riesgo : (Registro nro. 6273)

000 -LEADER
fixed length control field 01369nab a22002177a 4500
003 - CONTROL NUMBER IDENTIFIER
control field OSt
005 - DATE AND TIME OF LATEST TRANSACTION
control field 20260128201827.0
008 - FIXED-LENGTH DATA ELEMENTS--GENERAL INFORMATION
fixed length control field 190514b xxu||||| |||| 00| 0 spa d
040 ## - CATALOGING SOURCE
Transcribing agency PJ
100 ## - MAIN ENTRY--PERSONAL NAME
9 (RLIN) 6655
Personal name Muni, Nicole
245 10 - TITLE STATEMENT
Title Autonomía, vejez y justicia empoderante. Entre tutela privada y dignidad del riesgo :
Statement of responsibility, etc una lectura interseccional desde la doctrina especializada, la jurisprudencia y los estándares internacionales de derechos humanos /
Remainder of title Nicole Muni, Federico Airoldi.
300 ## - PHYSICAL DESCRIPTION
Extent p. 146-155
500 ## - GENERAL NOTE
General note Cita: TR LALEY AR/DOC/2715/2025.
505 ## - FORMATTED CONTENTS NOTE
Formatted contents note Sumario: I. Introducción.— II. El caso "C. O. E. y otra": autonomía, oposición familiar y tutela judicial.— III. Marco normativo y doctrinario: capacidad jurídica, autonomía y crítica al paternalismo.— IV. Jurisprudencia: entre tutela y autodeterminación.— V. Reflexión final: hacia una justicia que escuche, respete y acompañe.
505 ## - FORMATTED CONTENTS NOTE
Title Fallo comentado: ST Entre Ríos, sala II civil y com. ~ 01/07/2025 ~ C. O. E. y otra s/ incidentes (familia).
650 #0 - SUBJECT ADDED ENTRY--TOPICAL TERM
9 (RLIN) 967
Topical term or geographic name as entry element DERECHO DE FAMILIA
650 #0 - SUBJECT ADDED ENTRY--TOPICAL TERM
9 (RLIN) 1057
Topical term or geographic name as entry element JURISPRUDENCIA APLICABLE
700 ## - ADDED ENTRY--PERSONAL NAME
9 (RLIN) 6654
Personal name Airoldi, Federico
773 0# - HOST ITEM ENTRY
Host Biblionumber 2844
Host Itemnumber 3222
Place, publisher, and date of publication Buenos Aires : AbeledoPerrot, 1989-
Title Derecho de familia. Revista Interdisciplinaria de doctrina y jurisprudencia. Diciembre 2025-VI.
International Standard Book Number 18511201
942 ## - ADDED ENTRY ELEMENTS (KOHA)
Source of classification or shelving scheme
Koha item type Analítica Artículo de Revista

No hay ítems disponibles.

12 de Octubre 789 Ushuaia - Tel:  54(02901)441571
Horario de Atención: 8.00 a 17.00 hs. 
bibliotecaush@justierradelfuego.gov.ar
koha@justierradelfuego.gov.ar
Seguinos en nuestras redes @bibliojustdf 

Con tecnología Koha